Ecuaciones diferenciales
Uloženo v:
| Hlavní autoři: | , |
|---|---|
| Médium: | Kniha |
| Jazyk: | španělština |
| Vydáno: |
Ciudad de México
Continental
1961
|
| Vydání: | 1a. ed |
| Témata: | |
| Tagy: |
Přidat tag
Žádné tagy, Buďte první, kdo vytvoří štítek k tomuto záznamu!
|
MARC
| LEADER | 00000nam a2200000 a 4500 | ||
|---|---|---|---|
| 001 | UCX1360 | ||
| 003 | CL-VaPUC | ||
| 008 | 900809e19610000MX |||||||||||||||||spa|d | ||
| 082 | 0 | 4 | |a 515.352 |b RED |2 21 |
| 100 | 0 | |a Reddick, Harry Wilfred |e author |9 316839 | |
| 700 | 0 | |a Kibbey, Donald Eugene |e author |9 316840 | |
| 245 | 1 | 0 | |a Ecuaciones diferenciales |
| 250 | |a 1a. ed | ||
| 300 | |a 309 p | ||
| 942 | |c BK | ||
| 945 | |d 19900809 00:00:00 | ||
| 260 | |a Ciudad de México |b Continental |c 1961 | ||
| 650 | 0 | |a Ecuaciones diferenciales |9 260083 | |
| 583 | |a last modification |c 20150714 05:21:12 |k Rodrigo Vera | ||
| 999 | |c 222614 |d 222612 | ||
| 952 | |0 0 |1 0 |4 0 |6 515_352000000000000_RED_1961 |7 0 |8 A |9 217606 |a BIBCUR |b BIBCUR |d 2019-11-15 |i 2865238 |l 1 |o 515.352 RED 1961 |p 2865238 |r 2025-04-22 |s 2023-04-13 |w 2019-11-15 |y BK |k BCB | ||
| 952 | |0 0 |1 0 |4 0 |6 515_352000000000000_RED_1961 |7 0 |8 A |9 217608 |a BIBCUR |b BIBCUR |d 2019-11-15 |i 4535553 |l 6 |m 5 |o 515.352 RED 1961 |p 4535553 |r 2025-04-22 |s 2025-03-27 |w 2019-11-15 |y BK |k FIS | ||